000 00351nam a2200157Ia 4500
005 20250425161024.0
008 250425s9999 xx 000 0 und d
041 _aspa
082 _aIBM4381
245 0 _aEL MAR Y SUS RIQUEZAS; LA PESCA
250 _aS.E.
260 _aS.L.
260 _aSin Pais
_bNUPU
_c1940
942 _c01
010 _a10799
999 _c200862
_d200862